书目信息 |
| 题名: |
线性代数与空间解析几何
|
|
| 作者: | 陈仲堂 , 靖新 主编 | |
| 分册: | ||
| 出版信息: | 北京 机械工业出版社 2005.09 |
|
| 页数: | 278页 | |
| 开本: | 24cm | |
| 丛书名: | ||
| 单 册: | ||
| 中图分类: | O182.2 , O151.2 | |
| 科图分类: | ||
| 主题词: | 线性代数--xian xing dai shu--高等教育--教材 , 空间几何--kong jian ji he--解析几何--高等教育 | |
| 电子资源: | ||
| ISBN: | 7-111-17241-8 | |
| 000 | 01038nam0 2200277 450 | |
| 001 | 012006020156 | |
| 005 | 20060919165251.26 | |
| 010 | @a7-111-17241-8@dCNY22.50 | |
| 100 | @a20060618d2005 km y0chiy0120 ea | |
| 101 | 0 | @achi |
| 102 | @aCN@b110000 | |
| 105 | @aa a 000yy | |
| 200 | 1 | @a线性代数与空间解析几何@Axian xing dai shu yu kong jian jie xi ji he@f陈仲堂, 靖新主编@Fchen zhong tang,jing xin zhu bian |
| 210 | @a北京@c机械工业出版社@d2005.09 | |
| 215 | @a278页@c图@d24cm | |
| 320 | @a有书目 (第278页)。 | |
| 330 | @a本书共分八章,内容包括:行列式、矩阵及其运算、空间解析几何与向量代数、n维向量、线形方程组、相似矩阵及二次型、线形空间与线形变换、基本代数结构简介。 | |
| 333 | @a普通高等教育基础课规划教材。 | |
| 606 | 0 | @a线性代数@Axian xing dai shu@x高等教育@j教材 |
| 606 | 0 | @a空间几何@Akong jian ji he@x解析几何@x高等教育 |
| 690 | @aO182.2@v4 | |
| 690 | @aO151.2@v4 | |
| 701 | 0 | @a陈仲堂@Achen zhong tang@4主编 |
| 701 | 0 | @a靖新@Ajing xin@4主编 |
| 801 | 0 | @aCN@bQSSK@c20060919 |
| 905 | @a10447@dO151.2@eC656 | |
| 线性代数与空间解析几何/陈仲堂, 靖新主编.-北京:机械工业出版社,2005.09 |
| 278页:图;24cm |
| 使用对象:普通高等教育基础课规划教材。 |
| ISBN 7-111-17241-8:CNY22.50 |
| 本书共分八章,内容包括:行列式、矩阵及其运算、空间解析几何与向量代数、n维向量、线形方程组、相似矩阵及二次型、线形空间与线形变换、基本代数结构简介。 |
| ● |
| 相关链接 |
|
|
|
正题名:线性代数与空间解析几何
索取号:O151.2/C656
 
预约/预借
| 序号 | 登录号 | 条形码 | 馆藏地/架位号 | 状态 | 备注 |
| 1 | 589129 | 205891294 | 自科库401/401自科库 41排2列2层/ [索取号:O151.2/C656] | 在馆 | |
| 2 | 589130 | 205891301 | 自科库401/401自科库 41排2列2层/ [索取号:O151.2/C656] | 在馆 | |
| 3 | 589131 | 205891310 | 自科库401/401自科库 41排2列2层/ [索取号:O151.2/C656] | 在馆 |